Music Quiz

Random Music or Singers Quiz
Score 0/24 Timer 06:00
7 Plays Today
% Correct
Bob Marley
95%
Justin Timberlake
94.1%
David Bowie
94.1%
Snoop Dogg
90.7%
Kanye West
88.2%
Lionel Richie
82.8%
Willie Nelson
78.2%
Bruce Springsteen
73.6%
50 Cent
72.5%
Paul Simon
69%
Michael Bublé
64.6%
Harry Styles
64.6%
% Correct
Nick Jonas
63.9%
Marvin Gaye
61.1%
Enrique Iglesias
60.7%
Keith Urban
60.6%
Garth Brooks
58%
Neil Diamond
47.8%
Josh Groban
44.8%
Jerry Lee Lewis
33.5%
Post Malone
29.7%
Cat Stevens/Yusuf Islam
23%
Jack Johnson
23%
Van Morrison
22.1%

You're not logged in!

Compare scores with friends on all Sporcle quizzes.
OR
Log In

Sporcle TV

Today on Sporcle TV


Watch our educational content, quiz creation guides, and fun videos on Sporcle TV.

Show Comments

Extras

Top Quizzes Today


Score Distribution

Paid Content

Your Account Isn't Verified!

In order to create a playlist on Sporcle, you need to verify the email address you used during registration. Go to your Sporcle Settings to finish the process.

Report this User

Report this user for behavior that violates our Community Guidelines.

Details: